| 000 | 00315nam a2200097Ia 4500 | ||
|---|---|---|---|
| 082 | _a155.26 KING | ||
| 245 | 0 | _aWhat's your tribe? : an enneagram guide to human types at work and play | |
| 100 |
_a Kingma, Lee Claremont [South Africa], 2010 _919054 |
||
| 942 | _cBK | ||
| 008 | 210816s9999 xx 000 0 und d | ||
| 999 |
_c85435 _d85435 |
||